Historia de la antigua literatura latino-cristiana / (Record no. 124414)

MARC details
000 -LEADER
campo de control de longitud fija 00893nam a2200229 i 4500
001 - NÚMERO DE CONTROL
campo de control 124414
003 - IDENTIFICADOR DE NÚMERO DE CONTROL
campo de control ES-MaACL
005 - FECHA Y HORA DE LA ÚLTIMA TRANSACCIÓN
campo de control 20250812221038.0
007 - CAMPO FIJO DE DESCRIPCIÓN FÍSICA--INFORMACIÓN GENERAL
campo de control de longitud fija t|
008 - DATOS DE LONGITUD FIJA--INFORMACIÓN GENERAL
campo de control de longitud fija 070326s1928 sp ||||1| spa d
100 1# - ENTRADA PRINCIPAL--NOMBRE DE PERSONA
Nombre de persona Gudeman, Alfred.
9 (RLIN) 60386
245 10 - MENCIÓN DEL TÍTULO
Título Historia de la antigua literatura latino-cristiana /
Mención de responsabilidad, etc. Alfred Gudeman ; traducida y ampliada por Pascual Galindo Romeo.
260 ## - PUBLICACIÓN, DISTRIBUCIÓN, ETC.
Lugar de publicación, distribución, etc. Barcelona :
Nombre del editor, distribuidor, etc. Labor,
Fecha de publicación, distribución, etc. 1928.
300 ## - DESCRIPCIÓN FÍSICA
Extensión 148 p., XVI p. de lám. ;
Dimensiones 17 cm.
490 1# - MENCIÓN DE SERIE
Mención de serie Colección Labor. Ciencias literarias ;
Designación de volumen o secuencia 151
650 14 - PUNTO DE ACCESO ADICIONAL DE MATERIA--TÉRMINO DE MATERIA
Término de materia o nombre geográfico como elemento de entrada Literatura cristiana primitiva-
Subdivisión general Historia y crítica.
9 (RLIN) 172312
650 14 - PUNTO DE ACCESO ADICIONAL DE MATERIA--TÉRMINO DE MATERIA
Término de materia o nombre geográfico como elemento de entrada Literatura latina medieval y moderna-
Subdivisión cronológica Historia y crítica.
9 (RLIN) 14634
700 1# - ENTRADA AGREGADA--NOMBRE PERSONAL
Nombre de persona Galindo Romeo, Pascual,
Fechas asociadas al nombre 1892-1990
9 (RLIN) 53446
830 10 - PUNTO DE ACCESO ADICIONAL DE SERIE-TÍTULO UNIFORME
Título uniforme Colección Labor.
Nombre de parte o sección de la obra Ciencias literarias
Designación de volumen o secuencia 151
9 (RLIN) 219011
852 ## - LOCALIZACIÓN
Ubicación ES-MaACL
Número de control de estantería E-2676
Holdings
Estatus retirado Estado de pérdida Estado de daño No para préstamo Biblioteca de origen Biblioteca actual Ubicación en estantería Fecha de adquisición Fuente de adquisición Total de préstamos Signatura topográfica completa Código de barras Visto por última vez Precio de reemplazo Tipo de ítem Koha
        Biblioteca del Ateneo de Madrid Biblioteca del Ateneo de Madrid Depósito 2 17/01/2008     E-2676 1129621 23/02/2023 23/02/2023 Libro impreso